Az online kommentek hatása a szállodai értékesítésre

Bibliográfiai részletek
Szerző: Moldván Beatrix Ágnes
További közreműködők: Karakasné Morvay Dr. Klára
Dokumentumtípus: Diplomadolgozat
Kulcsszavak:komment
Szálloda
értékesítés
Online
online értékelés
Online Access:http://dolgozattar.uni-bge.hu/8505

MARC

LEADER 00000nta a2200000 i 4500
001 dolg8505
005 20170214170450.0
008 161208suuuu hu om 000 hun d
040 |a BGE Dolgozattár Repozitórium  |b hun 
041 |a hu 
100 1 |a Moldván Beatrix Ágnes 
245 1 3 |a Az online kommentek hatása a szállodai értékesítésre   |c Moldván Beatrix Ágnes  |h [elektronikus dokumentum] 
695 |a komment 
695 |a  Szálloda 
695 |a értékesítés 
695 |a Online  
695 |a online értékelés 
700 1 |a Karakasné Morvay Dr. Klára  |e ths 
856 4 0 |u http://dolgozattar.uni-bge.hu/8505/1/Szakdolgozat.pdf  |z Dokumentum-elérés